Statistics for Top Five Countries With the Oldest Median Age by Continent

Click here to take the quiz!

General Stats

  • This quiz has been taken 50 times
  • The average score is 23 of 30

Answer Stats

HintAgeAnswer% Correct
North America41.8Canada
95%
Asia48.6Japan
95%
Asia43.2South Korea
95%
North America38.5United States
92%
Oceania37.5Australia
89%
Oceania37.2New Zealand
89%
Europe46.5Italy
86%
South America33.2Brazil
84%
South America35.5Chile
84%
South America31.2Colombia
84%
Europe55.4Monaco
84%
South America32.4Argentina
81%
South America35.5Uruguay
81%
Oceania29.9Fiji
78%
Asia42.3Taiwan
78%
North America42.1Cuba
73%
Africa29.1Morocco
73%
North America39.5Barbados
68%
Europe47.8Germany
68%
Oceania27.0Nauru
68%
Africa36.8Seychelles
68%
Africa28.9Algeria
65%
Europe46.2Andorra
65%
Africa36.3Mauritius
65%
Oceania33.9Palau
65%
Africa32.7Tunisia
65%
Europe45.3Greece
62%
North America37.8Trinidad and Tobago
62%
Asia38.6Georgia
49%
Asia39.0Thailand
49%

Score Distribution

Percentile by Number Answered

Percent of People with Each Score

Your Score History

You have not taken this quiz